La paz de Dios y del Rey (Record no. 8999)

MARC details
000 -CABECERA
campo de control de longitud fija 00740nam a2200241 a 4500
001 - NÚMERO DE CONTROL
campo de control BRL_186
005 - FECHA Y HORA DE LA ÚLTIMA TRANSACCIÓN
campo de control 20190320210627.0
008 - DATOS DE LONGITUD FIJA--INFORMACIÓN GENERAL
campo de control de longitud fija 930610s1980 mx-ab####b---s000-0#spa-d
040 ## - FUENTE DE LA CATALOGACIÓN
Centro catalogador/agencia de origen MnU
Centro/agencia transcriptor MnU
Centro/agencia modificador MxMI
050 #4 - SIGNATURA TOPOGRÁFICA DE LA BIBLIOTECA DEL CONGRESO
Número de clasificación F1221.L2
Número de documento/Ítem .V68 1980
100 1# - ENTRADA PRINCIPAL--NOMBRE DE PERSONA
Nombre de persona Vos, Jan de,
Fechas asociadas al nombre 1936-
9 (RLIN) 23165
245 10 - MENCIÓN DE TÍTULO
Título La paz de Dios y del Rey
Resto del título la conquista de la selva Lacandona, 1525-1821
Mención de responsabilidad, etc. Jan de Vos.
260 ## - PUBLICACIÓN, DISTRIBUCIÓN, ETC.
Lugar de publicación, distribución, etc. México
Nombre del editor, distribuidor, etc. Fonapas
Fecha de publicación, distribución, etc. 1980
300 ## - DESCRIPCIÓN FÍSICA
Extensión 523 p.
Otras características físicas il.
Dimensiones 20 cm.
440 #0 - MENCIÓN DE SERIE/PUNTO DE ACCESO ADICIONAL--TÍTULO
Título Coleccion ceiba
Nombre de parte o sección de la obra Ensayo
Designación de volumen o secuencia 10
9 (RLIN) 23166
500 ## - NOTA GENERAL
Nota general Au256
500 ## - NOTA GENERAL
Nota general Incluye dedicatoria a Ruth Lechuga
504 ## - NOTA DE BIBLIOGRAFÍA, ETC.
Nota de bibliografía, etc. Bibliografía: p. 431-505
650 14 - PUNTO DE ACCESO ADICIONAL DE MATERIA--TÉRMINO DE MATERIA
Término de materia o nombre geográfico como elemento de entrada Lacandones
Subdivisión general Historia
9 (RLIN) 23167
651 #4 - PUNTO DE ACCESO ADICIONAL DE MATERIA--NOMBRE GEOGRÁFICO
Nombre geográfico Chiapas
Subdivisión general Antigüedades
9 (RLIN) 12639
902 ## - CATALOGADOR
Iniciales GRL
942 ## - ELEMENTOS DE PUNTO DE ACCESO ADICIONAL (KOHA)
Fuente del sistema de clasificación o colocación Library of Congress Classification
Tipo de ítem Koha Libros
Holdings
Estado de retiro Estado de pérdida Estado dañado No para préstamo Localización permanente Ubicación/localización actual Fecha de adquisición Número de inventario Total de préstamos Signatura topográfica completa Código de barras Fecha visto por última vez Precio válido a partir de Tipo de ítem Koha
El ejemplar forma parte de la colección y puede ser consultado según las políticas vigentes.       Biblioteca Centro de Estudios Ruth D. Lechuga Biblioteca Centro de Estudios Ruth D. Lechuga 10/12/2012 Au256   F1221.L2 .V68 1980 (Au256) GRL00196 22/03/2019 22/03/2019 Libros